000 00586nam a2200205Ia 4500
001 15115
003 GE_BSU
008 181216s||||||||xx |||||||||||||| ||und||
040 _cGE_BSU
080 _a004.3
245 _aВопросы теории математических машин
245 _bсборник
245 _cПод ред: Ю.Я.Базилевского
260 _aМосква
260 _bГосиздат
260 _c1962
300 _a240стр,27см
653 _aВопросы теории математических машин
942 _cBK
999 _c48231
_d48231